| 000 | 00000nam 2200000za 4500 |
| 001 | 9.559969 |
| 003 | CaOODSP |
| 005 | 20230324133513 |
| 007 | cr ||||||||||| |
| 008 | 150406s2005 quc|||||o f|0| 0 eng d |
| 020 | |a0-662-42141-8 |
| 040 | |aCaOODSP|beng |
| 043 | |an-cn--- |
| 086 | 1 |aEn153-114/3-2005E-PDF |
| 245 | 00|aNorthern Gannet - a sentinel species for the Gulf |h[electronic resource] / |cissued by St. Lawrence Plan, Coordination Office. |
| 250 | |a2nd ed. |
| 260 | |aMontreal : |bEnvironment Canada, |c2005. |
| 300 | |a4 p. : |bcoloured ill., figs., maps. |
| 504 | |aIncludes bibliographical references. |
| 590 | |a08-03-Supp|b2008-09-09 |
| 690 | 07|aAquatic birds|2gcpds |
| 690 | 07|aEnvironmental management|2gcpds |
| 710 | 2 |aSt. Lawrence Centre. |
| 775 | 08|tLe fou de Bassan |w(CaOODSP)9.592663 |
| 856 | 40|ahttp://publications.gc.ca|qPDF|s1448 KB|uhttps://publications.gc.ca/collections/collection_2008/ec/En153-114-3-2005E.pdf |